| 000 | 01543aam a2200361 i 4500 | ||
|---|---|---|---|
| 001 | 768714001 | ||
| 003 | CO-MdFUSB | ||
| 005 | 20231101100548.0 | ||
| 007 | ta | ||
| 008 | 230927t20062006flua||ag |||| 00| 0 spa d | ||
| 020 | _a159272230X | ||
| 040 |
_aCO-MdFUSB _bspa _cCO-MdFUSB _dCO-MdFUSBC _erda |
||
| 041 | _aspa | ||
| 082 |
_223 _a269.4 _bM244 |
||
| 100 |
_aMaldonado, Guillermo _eautor |
||
| 245 | 1 | 3 |
_aEl ministerio del apóstol _b : descubra la verdad acerca del movimiento apostólico _c/ Guillermo Maldonado |
| 250 | _aprimera edición | ||
| 264 | 1 |
_aMiami, Florida : _bERJ Publicaciones, _c[2006] |
|
| 264 | 4 | _c©2006 | |
| 300 |
_a180 páginas _c; 21 cm. |
||
| 336 |
_2rdacontent _atexto _btxt |
||
| 337 |
_2rdamedia _asin mediación _bn |
||
| 338 |
_2rdacarrier _avolumen _bnc |
||
| 504 | _aIncluye índice y bibliografía | ||
| 505 | _aCapítulo I. La reforma apostólica y el fluir del vino nuevo -- Capítulo II. El llamado y el ministerio apostólico -- Capítulo III. Las señales bíblicas que siguen a un apóstol -- Capítulo IV. Las funciones esenciales de un apóstol -- Capítulo V. Los diferentes tipos de apóstol y su esfera de influencia -- Capítulo VI. Las herramientas con que edifica un apóstol -- Capítulo VII. La mentalidad apostólica -- Capítulo VIII. El apóstol, los cuatro cuernos y los cuatro carpinteros. | ||
| 563 | _aRústico | ||
| 650 | 0 |
_9362 _aEvangelización |
|
| 650 | 0 |
_9142 _aPentecostalismo |
|
| 653 | _aMinisterios. | ||
| 653 | _aApostolado | ||
| 942 | _cBK | ||
| 945 | _asor1564 | ||
| 999 |
_c69071 _d69071 |
||